000 01321cab a2200337 4500
001 X93064
008 090401t1998 xxu||||| |||| 00| 0 eng d
035 _a(Sirsi) u87613
041 _aeng
245 _aR v Brighton and Hove Council ex p Marmont
260 _c1998
350 _a0
490 _aJournal of Planning and Environment Law
_v[1998] JPL 670-674(5)
520 _aQBD 12 January 1998. Travellers - occupation of Council owned land - possession proceedings - Criminal Justice and Public Order Act 1994 - lawfulness of Council`s actions - whether Council required to apply Circular 18/94 - judicial review - Council not required to apply Circular 18/94 - application refused.
650 _aCRIMINAL JUSTICE AND PUBLIC ORDER ACT 1994
650 _aDOE CIRCULAR 18/1994
650 _aGYPSY SITES
650 _aINTERFERENCE
650 _aNEIGHBOURING PROPERTY
650 _aPOSSESSION PROCEEDINGS
650 _aR V KERRIER DC EX P UZELL BLYTHE AND SONS
650 _aR V LEEDS CITY COUNCIL EX P WARD
650 _aR V LINCOLNSHIRE CC AND ANOTHER EX P ATKINSON
650 _aR V WANDSWORTH COUNTY COURT EX P WANDSWORTH LBC
650 _aRAVE
650 _aTRAVELLERS
650 _aUNAUTHORISED USE
690 _aPLANNING LAW AND PRACTICE-CASE LAW
942 _n0
948 _c23/07/1998
999 _c55271
_d55271